UBT Library

Axelrod & Cooper's concise guide to writing / (Record no. 45153)

000 -LEADER
fixed length control field 00838cam a2200265 a 4500
001 - CONTROL NUMBER
control field 15302372
005 - DATE AND TIME OF LATEST TRANSACTION
control field 20180315090240.0
008 - FIXED-LENGTH DATA ELEMENTS--GENERAL INFORMATION
fixed length control field 080519s2009 maua 001 0 eng
010 ## - LIBRARY OF CONGRESS CONTROL NUMBER
LC control number 2008929044
020 ## - INTERNATIONAL STANDARD BOOK NUMBER
International Standard Book Number 0312478070 (pbk.)
020 ## - INTERNATIONAL STANDARD BOOK NUMBER
International Standard Book Number 9780312478070 (pbk.)
040 ## - CATALOGING SOURCE
Original cataloging agency DLC
Transcribing agency DLC
Modifying agency DLC
041 ## - LANGUAGE CODE
Language code of text/sound track or separate title eng
080 ## - UNIVERSAL DECIMAL CLASSIFICATION NUMBER
Universal Decimal Classification number 808.042 AXE
082 00 - DEWEY DECIMAL CLASSIFICATION NUMBER
Classification number 808.042 AXE
Edition number 22
100 1# - Rafti
Rafti 25
101 ## - Shkurtesa
Shkurtesa EDU
240 10 - UNIFORM TITLE
Uniform title <a href="Concise guide to writing">Concise guide to writing</a>
245 10 - TITLE STATEMENT
Title Axelrod & Cooper's concise guide to writing /
Statement of responsibility, etc Rise B. Axelrod, Charles R. Cooper.
246 3# - VARYING FORM OF TITLE
Title proper/short title Axelrod and Cooper's concise guide to writing
246 30 - VARYING FORM OF TITLE
Title proper/short title Concise guide to writing
906 ## - LOCAL DATA ELEMENT F, LDF (RLIN)
a 7
b cbc
c origcop
d 2
e epcn
f 20
g y-gencatlg
942 ## - ADDED ENTRY ELEMENTS (KOHA)
Source of classification or shelving scheme
Item type Books
Holdings
Withdrawn status Lost status Source of classification or shelving scheme Damaged status Not for loan Collection code Permanent location Current location Shelving location Date acquired Total Checkouts Full call number Barcode Date last seen Price effective from Koha item type
          Koleksioni i përgjithshem UBT - Lipjan UBT - Lipjan Koleksioni i përgjithshem 03/15/2018   808.042 AXE 002-3001654 03/15/2018 03/15/2018 Books
          Koleksioni i përgjithshem UBT - Lipjan UBT - Lipjan Koleksioni i përgjithshem 03/15/2018   808.042 AXE 002-3001659 03/15/2018 03/15/2018 Books
UBT Library © 2015-2024. All rights reserved University Education for Business and Technology